000
00209 a2200097 4500
001
52573
100
_a
Deighton Len
245
_a
Goodbye Mickey Mouse
260
_a
London
_b
Granada
_c
090
_c
33060
_d
33060
942
_a
NUST-CAE
_c
M
_c
25626
999
_c
287646
_d
287646